Welcome to the Holygrace Academy Library

Please use search bar below to get started

MARUKARA (Record no. 8659)

MARC details
000 -LEADER
fixed length control field 00332nam a22001457a 4500
082 ## - DEWEY DECIMAL CLASSIFICATION NUMBER
Classification number 894.812.3
Item number BAL/M
100 ## - MAIN ENTRY--AUTHOR NAME
Personal name BALAKRISHNAN, C V
245 ## - TITLE STATEMENT
Title MARUKARA
246 ## - VARYING FORM OF TITLE
Title proper/short title MARUKARA
Remainder of title MARUKARA
260 ## - PUBLICATION, DISTRIBUTION, ETC. (IMPRINT)
Place of publication KOTTAYAM, KERALA, INDIA
Name of publisher MATHRUBHUMI
Year of publication 2023
300 ## - PHYSICAL DESCRIPTION
Number of Pages 119
520 ## - SUMMARY, ETC.
Summary, etc NOVEL
650 ## - SUBJECT ADDED ENTRY--TOPICAL TERM
Topical Term MALAYALAM NOVEL
942 ## - ADDED ENTRY ELEMENTS (KOHA)
Koha item type Books
Holdings
Withdrawn status Lost status Collection code Home library Current library Shelving location Date acquired Source of acquisition Cost, normal purchase price Full call number Accession Number Koha item type
    Fiction Main Library Main Library NEW SHELF WITH NEW ENTRY 07/03/2024 PURCHASED 230.00 894.812.3 BAL/M 13588 Books